عبقرية الثورة المصرية : (Record no. 16612)
[ view plain ]
| 000 -الفاتح | |
|---|---|
| حقل البيانات ثابتة الطول | 01009nam a22002057a 4500 |
| 008 - عناصر البيانات ثابتة الطول - معلومات عامة | |
| حقل البيانات ثابتة الطول | 120327s2011 ua|||||r|||| 00| 0 ara d |
| 020 ## - الرقم الدولى المعيارى للكتب | |
| الرقم الدولى المعيارى للكتاب | 9789770930717 |
| 082 ## - رقم تصنيف ديوى العشرى | |
| رقم الطبعة | 22 |
| رقم التصنيف | 305.962 |
| رقم المادة | م هـ د |
| 100 ## - المدخل الرئيسى - إسم شخصى | |
| 9 (RLIN) | 29486 |
| الإسم الشخصى | المهدي، محمد. |
| 245 ## - بيان العنوان | |
| العنوان | عبقرية الثورة المصرية : |
| بقية العنوان | تحليل نفسي و اجتماعي لأحوال المصريين قبل و بعد 25 يناير / |
| بيان المسئوليه,etc | محمد المهدي. |
| 250 ## - بيان الطبعة | |
| بيان الطبعة | ط. 1. |
| 260 ## - PUBLICATION, DISTRIBUTION, ETC. (IMPRINT) | |
| مكان الناشر او الموزع | القاهرة : |
| اسم الناشر او الموزع | دار الشروق، |
| تاريخ النشر أو التوزيع | 2011. |
| 300 ## - الوصف المادى | |
| التعداد | 474 ص. ؛ |
| أبعاد الوعاء | 24 سم. |
| 651 ## - المدخل الاضافى بالموضوع - اسم جغرافى | |
| 9 (RLIN) | 28142 |
| الاسم الجغرافي | مصر |
| التقسيم الفرعي العام | الاحوال الاجتماعية |
| التقسيم الفرعي الزمني | العصر الحديث|ثورة 25 يناير 2011 |
| 651 ## - المدخل الاضافى بالموضوع - اسم جغرافى | |
| 9 (RLIN) | 13710 |
| الاسم الجغرافي | مصر |
| التقسيم الفرعي العام | الأحوال الاجتماعية |
| 651 ## - المدخل الاضافى بالموضوع - اسم جغرافى | |
| 9 (RLIN) | 26463 |
| الاسم الجغرافي | مصر |
| التقسيم الفرعي العام | الأحوال السياسية |
| 653 ## - مصطلح تكشيفى غير مقيد | |
| Resource For college | |
| Arrived date list | March2012 |
| 942 ## - عناصر المدخل الإضافي( كوها) | |
| مصدر التصنيف او مخطط الترفيف | Dewey Decimal Classification |
| Koha [default] item type | Book - Borrowing |
| حالة التراجع | حالة الفقد | مصدر التصنيف او خطة الترفيف | حالة تلف | ليس للاعارة | مجموعات كوها | المكان الدائم | المكان الحالي | موقع الترفيف | تاريخ الاكتساب | Source of acquisition | سعر الشراء الطبيعي | تعداد مسلسل / التسلسل الزمني | رقم الاستدعاء | الباركود | Date last seen | مُعار | نوع الوعاء |
|---|---|---|---|---|---|---|---|---|---|---|---|---|---|---|---|---|---|
| Dewey Decimal Classification | Central Library | Central Library | First floor | 27/03/2012 | 60.00 | 28 | 305.962 م هـ د | 000026549 | 15/07/2025 | 18/11/2013 | Book - Borrowing |